[Event "4ème Open des Basses Vallées Angevines"]
[Site "Cantenay-Epinard"]
[Date "2015.12.19"]
[Round "1.1"]
[White "Joyeux, Gerard"]
[Black "Peric, Slavisa"]
[Result "0-1"]
[WhiteElo "1621"]
[BlackElo "2183"]
[PlyCount "58"]
[EventDate "2015.12.??"]
[EventRounds "5"]
[WhiteTeam "Haute Bretagne Echecs"]
[BlackTeam "CE Vitrolles"]

1. d4 e6 2. e4 d5 3. e5 c5 4. c3 Nc6 5. Nf3 Bd7 6. Bb5 Nxe5 7. Bxd7+ Nxd7 8.
O-O h6 9. Nbd2 Ngf6 10. Re1 Be7 11. Ne5 O-O 12. f4 Qb6 13. Ndf3 cxd4 14. cxd4
Rfe8 15. b3 Rac8 16. h3 Nxe5 17. fxe5 Ne4 18. Rf1 Qc6 19. Nh2 Qc3 20. Rb1 f5
21. Nf3 Qc2 22. Be3 Qxd1 23. Rbxd1 Rc2 24. Ra1 Rec8 25. Ne1 Re2 26. Bf4 Bb4 27.
a3 Bc3 28. Rc1 Bxd4+ 29. Kh2 Rxc1 0-1

[Event "4ème Open des Basses Vallées Angevines"]
[Site "Cantenay-Epinard"]
[Date "2015.12.19"]
[Round "1.2"]
[White "Salles, Louis"]
[Black "Delafenetre, Alexandre"]
[Result "1-0"]
[WhiteElo "2166"]
[BlackElo "1604"]
[PlyCount "31"]
[EventDate "2015.12.??"]
[EventRounds "5"]
[WhiteTeam "Echiquier Tourangeau"]
[BlackTeam "Echiquier Bleu Roi"]

1. e4 c6 2. d4 d5 3. Nd2 dxe4 4. Nxe4 Nd7 5. Ng5 Ngf6 6. Bd3 e6 7. N1f3 h6 8.
Nxe6 fxe6 9. Bg6+ Ke7 10. O-O c5 11. Re1 Nb6 12. b3 Nbd5 13. c4 Nb4 14. Bf4 Nc6
15. d5 Nd4 16. d6+ 1-0

[Event "4ème Open des Basses Vallées Angevines"]
[Site "Cantenay-Epinard"]
[Date "2015.12.19"]
[Round "1.3"]
[White "Gentilhomme, Loic"]
[Black "Batteux, Mickael"]
[Result "0-1"]
[WhiteElo "1588"]
[BlackElo "2104"]
[PlyCount "84"]
[EventDate "2015.12.??"]
[EventRounds "5"]
[WhiteTeam "Fillé sur Sarthe"]
[BlackTeam "Fillé sur Sarthe"]

1. d4 Nf6 2. Nf3 c5 3. c3 g6 4. e3 Bg7 5. Bd3 O-O 6. Nbd2 Qc7 7. O-O b6 8. Qe2
Bb7 9. Re1 Nc6 10. Ba6 d6 11. Bxb7 Qxb7 12. Nf1 Ne4 13. Ng3 Nxg3 14. hxg3 e6
15. Bd2 Rac8 16. Rab1 d5 17. b4 cxb4 18. cxb4 Ne7 19. Rec1 Rxc1+ 20. Rxc1 Rc8
21. Rxc8+ Nxc8 22. a4 Nd6 23. Qd3 a6 24. Ne5 Qc8 25. f4 Ne4 26. Kh2 Bxe5 27.
dxe5 Qc4 28. Qxc4 dxc4 29. Bc1 c3 30. g4 Nf2 31. Kg3 Nd3 32. Ba3 c2 33. Kf3
c1=Q 34. Bxc1 Nxc1 35. Ke4 Na2 36. b5 axb5 37. axb5 Nc3+ 38. Kd4 Nxb5+ 39. Kc4
Nc7 40. e4 Kf8 41. f5 Ke7 42. g3 Kd7 0-1

[Event "4ème Open des Basses Vallées Angevines"]
[Site "Cantenay-Epinard"]
[Date "2015.12.19"]
[Round "1.4"]
[White "Julien, Jules-Alois"]
[Black "Potiron, Nicolas"]
[Result "1-0"]
[WhiteElo "2022"]
[BlackElo "1577"]
[PlyCount "28"]
[EventDate "2015.12.??"]
[EventRounds "5"]
[WhiteTeam "Club d'Echecs de la Bruffière"]
[BlackTeam "Club d'Echecs de la Bruffière"]

1. e4 e5 2. Nf3 Nc6 3. d4 exd4 4. Bc4 Bc5 5. c3 h6 6. O-O d6 7. cxd4 Bb6 8. h3
Qf6 9. Be3 Qg6 10. Kh1 Qxe4 11. Re1 Nge7 12. Nc3 Qh7 13. d5 Bxe3 14. Rxe3 Nd8
1-0

[Event "4ème Open des Basses Vallées Angevines"]
[Site "Cantenay-Epinard"]
[Date "2015.12.19"]
[Round "1.5"]
[White "Delafenetre, Franck"]
[Black "Le Pen, Steven"]
[Result "0-1"]
[WhiteElo "1576"]
[BlackElo "1967"]
[PlyCount "84"]
[EventDate "2015.12.??"]
[EventRounds "5"]
[WhiteTeam "Echiquier Bleu Roi"]
[BlackTeam "Club d'Echecs de la Bruffière"]

1. d4 Nf6 2. c4 c5 3. d5 d6 4. Nc3 g6 5. e4 Bg7 6. Nf3 O-O 7. Bd3 e5 8. O-O Ne8
9. Bg5 f6 10. Be3 f5 11. Bg5 Nf6 12. exf5 gxf5 13. Nh4 h6 14. Bxf6 Qxf6 15. Qh5
Bd7 16. Qg6 Qxh4 17. Qxd6 Qf6 18. Qxc5 Na6 19. Qe3 e4 20. Be2 Qd4 21. Qg3 f4
22. Qg6 Rae8 23. Rfd1 Qf6 24. Bh5 Qe5 25. Re1 Bf5 26. Qxe8 Rxe8 27. Bxe8 Qxe8
28. Nxe4 Bxe4 29. f3 Bd4+ 30. Kh1 Be3 31. fxe4 Qxe4 32. b3 f3 33. h3 fxg2+ 34.
Kh2 g1=R 35. Rxg1+ Bxg1+ 36. Rxg1+ Kf7 37. Rg2 Nc5 38. Rg4 Qe5+ 39. Kg2 Qe2+
40. Kg3 Ne4+ 41. Kf4 Ng5 42. Rg3 Qe4# 0-1

[Event "4ème Open des Basses Vallées Angevines"]
[Site "Cantenay-Epinard"]
[Date "2015.12.19"]
[Round "1.6"]
[White "Kollar, Romain"]
[Black "Gautier, Michel"]
[Result "1-0"]
[WhiteElo "1936"]
[BlackElo "1574"]
[PlyCount "81"]
[EventDate "2015.12.??"]
[EventRounds "5"]
[WhiteTeam "Club d'Echecs de la Bruffière"]
[BlackTeam "La Cavale du Fou"]

1. e4 c5 2. Nf3 e6 3. d4 cxd4 4. Nxd4 Nf6 5. Nc3 a6 6. e5 Ng8 7. Bd3 Nc6 8.
Nxc6 dxc6 9. O-O Ne7 10. Ne4 Ng6 11. f4 Qb6+ 12. Kh1 c5 13. Be3 Bd7 14. Qe2 Bc6
15. Qf2 Bxe4 16. Bxe4 Qc7 17. Rad1 Rd8 18. Qf3 Be7 19. g3 O-O 20. h4 Rxd1 21.
Rxd1 Rd8 22. Rxd8+ Bxd8 23. Bxb7 Qa5 24. Qd1 Be7 25. Be4 Qxa2 26. b3 Qa5 27. h5
Nf8 28. Kg2 Qb4 29. Qd3 c4 30. bxc4 a5 31. Qb3 a4 32. Qxb4 Bxb4 33. c5 a3 34.
Bd4 Bxc5 35. Bxc5 a2 36. Bd4 Nd7 37. Bd3 Nb6 38. Kf2 Kf8 39. Bc5+ Ke8 40. Bb5+
Kd8 41. Bxb6+ 1-0

[Event "4ème Open des Basses Vallées Angevines"]
[Site "Cantenay-Epinard"]
[Date "2015.12.19"]
[Round "1.7"]
[White "Deportes, Anouk"]
[Black "Vernerey, Laurent"]
[Result "1/2-1/2"]
[WhiteElo "1565"]
[BlackElo "1909"]
[PlyCount "89"]
[EventDate "2015.12.??"]
[EventRounds "5"]
[WhiteTeam "L'Echiquier Angevin"]
[BlackTeam "L'Echiquier Angevin"]

1. e4 c5 2. Nf3 Nc6 3. d4 cxd4 4. Nxd4 g6 5. Be3 Bg7 6. Nc3 Nf6 7. Bc4 O-O 8.
Bb3 d6 9. f3 Bd7 10. Qd2 Qa5 11. O-O Rac8 12. Rac1 Qh5 13. a3 Ne5 14. Nd5 Nxd5
15. Bxd5 Nc4 16. Bxc4 Rxc4 17. b3 Rc7 18. c4 Rfc8 19. a4 a6 20. Qe2 Be5 21. g3
g5 22. Rb1 Bh3 23. Rfd1 Qg6 24. Bf2 h5 25. Rd2 e6 26. Rbd1 f5 27. exf5 exf5 28.
Qd3 Re8 29. Be1 Rce7 30. Ne2 Kh7 31. Kh1 Kh8 32. Ng1 g4 33. Nxh3 gxh3 34. Bf2
Bf4 35. Rc2 Be3 36. Bxe3 Rxe3 37. Qf1 Qe6 38. Rcc1 f4 39. gxf4 Rg8 40. Re1 Rg2
41. f5 Qe5 42. f4 Qb2 43. Rxe3 Rxh2+ 44. Kg1 Rg2+ 45. Kh1 1/2-1/2

[Event "4ème Open des Basses Vallées Angevines"]
[Site "Cantenay-Epinard"]
[Date "2015.12.19"]
[Round "1.8"]
[White "Chapelain, Florent"]
[Black "Garcion, Emmanuel"]
[Result "1-0"]
[WhiteElo "1846"]
[BlackElo "1550"]
[PlyCount "41"]
[EventDate "2015.12.??"]
[EventRounds "5"]
[WhiteTeam "Echecs-Passion Yffiniac"]
[BlackTeam "L'Echiquier Angevin"]

1. e4 d5 2. exd5 Qxd5 3. Nc3 Qa5 4. d4 c6 5. Bd3 Nf6 6. Bd2 Qd8 7. Nge2 g6 8.
Qc1 Bg7 9. Bh6 O-O 10. Bxg7 Kxg7 11. Qg5 Be6 12. O-O-O Na6 13. Nf4 Nc7 14. h4
h5 15. Rhe1 Qe8 16. Re5 Ng4 17. Nxh5+ Kh7 18. Re2 f6 19. Qf4 Qd7 20. Rde1 Bf7
21. Rxe7 1-0

[Event "4ème Open des Basses Vallées Angevines"]
[Site "Cantenay-Epinard"]
[Date "2015.12.19"]
[Round "1.9"]
[White "Pionnier, Camille"]
[Black "Patarin, Arnaud"]
[Result "0-1"]
[WhiteElo "1547"]
[BlackElo "1823"]
[PlyCount "64"]
[EventDate "2015.12.??"]
[EventRounds "5"]
[WhiteTeam "Club d'Echecs d'Avoine"]
[BlackTeam "Club d'Echecs d'Avoine"]

1. d4 Nf6 2. c4 e6 3. Nc3 d5 4. Nf3 Nbd7 5. Bg5 h6 6. Bh4 Be7 7. e3 O-O 8. Rc1
b6 9. Bd3 Bb7 10. O-O Rc8 11. Qe2 c5 12. cxd5 Nxd5 13. Bxe7 Qxe7 14. Ne4 cxd4
15. Nxd4 Nc5 16. Nxc5 Rxc5 17. Rxc5 Qxc5 18. Nb3 Qe7 19. Rc1 Qg5 20. g3 Rd8 21.
Nd4 e5 22. Nf3 Qe7 23. Be4 Nc3 24. Rxc3 Bxe4 25. Nd2 Bb7 26. Nb3 Qd7 27. f4
exf4 28. exf4 Qd5 29. h4 Qh1+ 30. Kf2 Qg2+ 31. Ke1 Qg1+ 32. Qf1 Rd1+ 0-1

[Event "4ème Open des Basses Vallées Angevines"]
[Site "Cantenay-Epinard"]
[Date "2015.12.19"]
[Round "1.10"]
[White "Prot, Ludovic"]
[Black "Boulart, Emilie"]
[Result "0-1"]
[WhiteElo "1750"]
[BlackElo "1545"]
[PlyCount "138"]
[EventDate "2015.12.??"]
[EventRounds "5"]
[WhiteTeam "Aytré - La Rochelle Echecs"]
[BlackTeam "Carquefou Echecs"]

1. e4 c5 2. c3 g6 3. d4 cxd4 4. cxd4 Bg7 5. Nf3 Nc6 6. e5 d6 7. exd6 Qxd6 8.
Be3 Bg4 9. Bb5 Rd8 10. Nc3 Nf6 11. O-O O-O 12. Be2 Ne8 13. Nb5 Qd7 14. h3 Bxf3
15. Bxf3 a6 16. Bxc6 Qxc6 17. Nc3 Nc7 18. Rc1 Rd7 19. Ne2 Qb6 20. Rc2 Rfd8 21.
d5 Qf6 22. Bd4 Qf5 23. Bxg7 Kxg7 24. Nc3 Nxd5 25. Nxd5 Rxd5 26. Qc1 Qd3 27. Rc7
R8d7 28. Rxd7 Rxd7 29. Qc5 Qd2 30. Qc8 Qd6 31. Rc1 Rd8 32. Qxb7 Rb8 33. Qc6
Rxb2 34. Qc3+ Qf6 35. Qxf6+ exf6 36. Ra1 a5 37. a4 Rb4 38. Ra3 f5 39. Kf1 Kf6
40. Ke2 h5 41. Kf3 g5 42. g3 f4 43. gxf4 Rxf4+ 44. Ke3 Ke5 45. Rb3 Rxa4 46.
Rb5+ Kf6 47. Rb6+ Kg7 48. f3 Rh4 49. Rb5 Kg6 50. Rxa5 Rxh3 51. Ke4 Rh4+ 52. Ke3
Rf4 53. Ra6+ f6 54. Ra8 Rh4 55. Ra6 Rh1 56. Rb6 h4 57. Kf2 Rc1 58. Rb5 Rc2+ 59.
Kg1 h3 60. Rb4 Rg2+ 61. Kh1 Rg3 62. Rb3 f5 63. Kh2 f4 64. Rd3 Kh5 65. Rc3 Kh4
66. Rd3 Rg2+ 67. Kh1 Kg3 68. Rb3 h2 69. Rb1 Rf2 0-1

[Event "4ème Open des Basses Vallées Angevines"]
[Site "Cantenay-Epinard"]
[Date "2015.12.19"]
[Round "1.11"]
[White "Adam, Flavia"]
[Black "Aumont, Tom"]
[Result "1-0"]
[WhiteElo "1541"]
[BlackElo "1713"]
[PlyCount "87"]
[EventDate "2015.12.??"]
[EventRounds "5"]
[WhiteTeam "Club d'Echecs d'Avoine"]
[BlackTeam "La Cavale du Fou"]

1. d4 f5 2. c4 Nf6 3. Nc3 g6 4. Nf3 Bg7 5. e3 O-O 6. Bd3 d6 7. h3 Nc6 8. a3 e5
9. d5 Ne7 10. e4 f4 11. b4 c6 12. Bb2 h6 13. Qb3 Kh8 14. O-O g5 15. c5 g4 16.
hxg4 Bxg4 17. Nh2 Bh5 18. Bc4 Ne8 19. f3 Rc8 20. dxc6 bxc6 21. Be6 Rb8 22. Rfd1
Qc7 23. Qc2 dxc5 24. Rd7 Qb6 25. Na4 Qb5 26. Rxe7 cxb4 27. Bc4 Qa5 28. axb4
Qxb4 29. Rxa7 Nd6 30. Ba3 Qxc4 31. Qxc4 Nxc4 32. Bxf8 Bxf8 33. Kh1 Be8 34. Ng4
c5 35. Nf6 Bg6 36. Nd7 Rc8 37. Nxf8 Rxf8 38. Nxc5 Ne3 39. Ra8 Rxa8 40. Rxa8+
Kg7 41. Nd7 h5 42. Nxe5 Kf6 43. Nxg6 Kxg6 44. Rf8 1-0

[Event "4ème Open des Basses Vallées Angevines"]
[Site "Cantenay-Epinard"]
[Date "2015.12.19"]
[Round "1.12"]
[White "Aumont, Eric"]
[Black "Andre, Emmanuel"]
[Result "1-0"]
[WhiteElo "1699"]
[BlackElo "1538"]
[PlyCount "77"]
[EventDate "2015.12.??"]
[EventRounds "5"]
[WhiteTeam "La Cavale du Fou"]
[BlackTeam "Chevau-légers de la Choisille"]

1. c4 c5 2. Nc3 Nc6 3. g3 e6 4. Bg2 Nf6 5. e4 Be7 6. Nge2 d6 7. O-O Bd7 8. b3
O-O 9. d4 cxd4 10. Nxd4 Ne5 11. h3 a6 12. Be3 Rc8 13. Rc1 Qa5 14. Nde2 Rfd8 15.
f4 Ng6 16. Qe1 b5 17. Qf2 Rf8 18. Bb6 Qb4 19. cxb5 axb5 20. Rfd1 Bc6 21. Nd4
Ba8 22. Ncxb5 Bxe4 23. a3 Rb8 24. axb4 Rxb6 25. Nxe6 Rxb5 26. Nxf8 Nxf8 27.
Bxe4 Nxe4 28. Qe1 d5 29. Rxd5 Rxd5 30. Qxe4 Rd7 31. b5 Ne6 32. Rc8+ Bf8 33. b6
Rd1+ 34. Kf2 Rd2+ 35. Ke1 Rd4 36. Qc6 Nd8 37. Qe8 Rd6 38. Rxd8 Re6+ 39. Qxe6
1-0

[Event "4ème Open des Basses Vallées Angevines"]
[Site "Cantenay-Epinard"]
[Date "2015.12.19"]
[Round "1.13"]
[White "Lucazeau, Alain"]
[Black "Pineau, Mickael"]
[Result "1/2-1/2"]
[WhiteElo "1508"]
[BlackElo "1694"]
[PlyCount "93"]
[EventDate "2015.12.??"]
[EventRounds "5"]
[WhiteTeam "La Tour Mayennaise"]
[BlackTeam "Club d'Echecs de la Bruffière"]

1. e4 d6 2. Nf3 Nf6 3. Nc3 g6 4. Be2 Bg7 5. O-O O-O 6. d4 c6 7. Be3 b5 8. a3
Bb7 9. e5 Ng4 10. exd6 Nxe3 11. dxe7 Qxe7 12. fxe3 Qxe3+ 13. Kh1 Nd7 14. Re1
Qf4 15. Rf1 Qd6 16. Qd2 Nf6 17. Rae1 a6 18. Bd1 Rad8 19. Ne2 c5 20. c3 Ng4 21.
Qf4 Qxf4 22. Nxf4 cxd4 23. Nxd4 Nxh2 24. Kxh2 Bxd4 25. Re7 Bxc3 26. bxc3 Bc6
27. Bf3 Bxf3 28. Rxf3 Rfe8 29. Rxe8+ Rxe8 30. Nd5 Re5 31. Nf6+ Kg7 32. Nd7 Re4
33. Nc5 Rc4 34. Nxa6 Ra4 35. Nc7 Rxa3 36. Nxb5 Ra6 37. c4 Rc6 38. Rc3 Rc5 39.
Nd6 f5 40. Nb7 Rc7 41. Na5 Kf6 42. c5 Ke5 43. c6 Kd6 44. Nb7+ Kd5 45. Nd8 Kd6
46. Nb7+ Kd5 47. Nd8 1/2-1/2

[Event "4ème Open des Basses Vallées Angevines"]
[Site "Cantenay-Epinard"]
[Date "2015.12.19"]
[Round "1.15"]
[White "Bremaud, Louis"]
[Black "Leguillon, Jean-Paul"]
[Result "1-0"]
[WhiteElo "1299"]
[BlackElo "1446"]
[PlyCount "61"]
[EventDate "2015.12.??"]
[EventRounds "5"]
[WhiteTeam "L'Echiquier Angevin"]
[BlackTeam "Le Club d'Echecs des Basses Vallées Angevines"]

1. e4 c5 2. Bc4 d6 3. d3 Nf6 4. Nf3 g6 5. Ng5 e6 6. Bf4 Bg7 7. Qd2 O-O 8. Nc3
a6 9. a3 b5 10. Ba2 Nc6 11. O-O Nd4 12. e5 dxe5 13. Bxe5 Bh6 14. Rac1 Ng4 15.
Bf4 f6 16. Nge4 Bxf4 17. Qxf4 f5 18. Nxc5 Kg7 19. h3 g5 20. Qg3 Nh6 21. Qe5+
Qf6 22. Rfe1 Qxe5 23. Rxe5 Kf6 24. Re3 Re8 25. Nd5+ Kf7 26. Nc7 Ra7 27. Nxe8
Kxe8 28. Bxe6 Bxe6 29. Nxe6 f4 30. Re4 Nxe6 31. Rxe6+ 1-0

[Event "4ème Open des Basses Vallées Angevines"]
[Site "Cantenay-Epinard"]
[Date "2015.12.19"]
[Round "1.16"]
[White "Tricarico, Pasquale"]
[Black "Bremaud, Vincent"]
[Result "1-0"]
[WhiteElo "1399"]
[BlackElo "1299"]
[PlyCount "67"]
[EventDate "2015.12.??"]
[EventRounds "5"]
[WhiteTeam "L'Echiquier Angevin"]
[BlackTeam "L'Echiquier Angevin"]

1. e3 e5 2. d4 e4 3. c4 b6 4. Nc3 Nf6 5. Nge2 c5 6. d5 d6 7. Ng3 Bg4 8. Be2
Bxe2 9. Qxe2 Qe7 10. Qc2 Na6 11. Qa4+ Qd7 12. Qxa6 Qg4 13. Nb5 Qd7 14. Qa4 Rc8
15. Qxa7 Be7 16. Qxd7+ Nxd7 17. Nxe4 O-O 18. Nexd6 Ra8 19. O-O Bf6 20. a3 Ra4
21. Rb1 Rd8 22. b3 Ra5 23. Nb7 Rxb5 24. Nxd8 Bxd8 25. cxb5 Nf6 26. b4 c4 27. a4
Nxd5 28. Rd1 Be7 29. Rxd5 Bxb4 30. Rxb4 g6 31. Bb2 c3 32. Bxc3 h5 33. Rd8+ Kh7
34. Rh8# 1-0

[Event "4ème Open des Basses Vallées Angevines"]
[Site "Cantenay-Epinard"]
[Date "2015.12.19"]
[Round "1.17"]
[White "Dimpre, Alexis"]
[Black "Potiron, Nathan"]
[Result "0-1"]
[WhiteElo "1280"]
[BlackElo "1388"]
[PlyCount "116"]
[EventDate "2015.12.??"]
[EventRounds "5"]
[WhiteTeam "L'Echiquier Angevin"]
[BlackTeam "Club d'Echecs de la Bruffière"]

1. e4 c5 2. Nc3 d6 3. h3 Nf6 4. Nf3 g6 5. d3 Bg7 6. Be3 O-O 7. Qd2 Nc6 8. a3 a6
9. h4 Ng4 10. h5 Nxe3 11. Qxe3 Ne5 12. Nxe5 Bxe5 13. hxg6 fxg6 14. Qh6 Rf7 15.
g3 Qf8 16. Nd5 Qxh6 17. Rxh6 Bxb2 18. Ra2 Bd4 19. f4 e5 20. f5 gxf5 21. exf5
Bxf5 22. Rxd6 e4 23. c3 Be5 24. Rb6 Bxg3+ 25. Kd1 Bg4+ 26. Be2 Bxe2+ 27. Rxe2
exd3 28. Rg2 Rg7 29. Nf6+ Kh8 30. Re6 Bh4 31. Rxg7 Kxg7 32. Nh5+ Kf7 33. Re4
Bg5 34. Re5 Kg6 35. Ng3 b6 36. Re6+ Kf7 37. Rxb6 d2 38. Ne4 Be3 39. Rf6+ Kg7
40. Rf3 Bh6 41. Rg3+ Kh8 42. Nxc5 Rb8 43. Kc2 Rb2+ 44. Kxb2 d1=Q 45. Nxa6 Qc1+
46. Kb3 Qb1+ 47. Ka4 Qd1+ 48. Kb4 Bf8+ 49. Nc5 Qd5 50. a4 Qxc5+ 51. Kb3 Qa3+
52. Kc2 Qxa4+ 53. Kd3 Qa3 54. Rf3 Bb4 55. Kc2 Qa2+ 56. Kd3 Bxc3 57. Kxc3 Qa3+
58. Kd2 Qxf3 0-1

[Event "4ème Open des Basses Vallées Angevines"]
[Site "Cantenay-Epinard"]
[Date "2015.12.19"]
[Round "1.18"]
[White "Andre, Victoria"]
[Black "Pantenier, Bernard"]
[Result "1-0"]
[WhiteElo "1380"]
[BlackElo "1245"]
[PlyCount "83"]
[EventDate "2015.12.??"]
[EventRounds "5"]
[WhiteTeam "Chevau-légers de la Choisille"]
[BlackTeam "La Cavale du Fou"]

1. e4 d5 2. exd5 Qxd5 3. Nc3 Qa5 4. d4 Bf5 5. Bc4 c6 6. Nf3 h6 7. O-O e6 8. Bd2
Nf6 9. Nd5 Qd8 10. Nxf6+ Qxf6 11. Re1 Bg4 12. Bc3 Bxf3 13. Qxf3 Qxf3 14. gxf3
Nd7 15. d5 cxd5 16. Bxd5 Nb6 17. Bxb7 Rb8 18. Bc6+ Ke7 19. Rad1 Rc8 20. Bb5 a5
21. Bxa5 Rb8 22. Bc3 f6 23. Bd3 Kf7 24. Be4 f5 25. Bc6 Rg8 26. Bd7 Nxd7 27.
Rxd7+ Be7 28. a3 g5 29. Bb4 Rge8 30. Bxe7 Rxe7 31. Rxe7+ Kxe7 32. b4 Rc8 33.
Rc1 Rc3 34. a4 Rc4 35. Rb1 Kd6 36. a5 Rxc2 37. a6 Ra2 38. b5 Ke5 39. b6 Rxa6
40. b7 Kf4 41. b8=Q+ Kxf3 42. Qb7+ 1-0

[Event "4ème Open des Basses Vallées Angevines"]
[Site "Cantenay-Epinard"]
[Date "2015.12.19"]
[Round "1.19"]
[White "Legendre, Aurelien"]
[Black "Giua, Marie"]
[Result "1-0"]
[WhiteElo "1241"]
[BlackElo "1380"]
[PlyCount "97"]
[EventDate "2015.12.??"]
[EventRounds "5"]
[WhiteTeam "Le Club d'Echecs des Basses Vallées Angevines"]
[BlackTeam "Club d'Echecs d'Avoine"]

1. e4 c5 2. Bc4 Nc6 3. c3 e6 4. Nf3 d6 5. d3 Nf6 6. O-O Be7 7. Be3 O-O 8. Nbd2
d5 9. exd5 exd5 10. Bb5 Qb6 11. Bxc6 Qxc6 12. Ne5 Qe6 13. Ndf3 Bd6 14. d4 cxd4
15. Qxd4 Rd8 16. Bf4 Qe7 17. Rfe1 Be6 18. Ng5 Bxe5 19. Rxe5 Qd7 20. Nxe6 fxe6
21. Bg5 Rf8 22. Bxf6 Rxf6 23. Rae1 Qf7 24. Qe3 Rf8 25. Rf1 b6 26. Qg3 Rg6 27.
Rg5 Qf6 28. Rg4 Rg5 29. Qh3 Rf5 30. Ra4 Qf7 31. Ra6 Qb7 32. Ra4 Qd7 33. Rd4 e5
34. Rg4 Qe7 35. Qd3 Qf7 36. Qe2 h5 37. Rg3 e4 38. Re3 a6 39. c4 d4 40. Rxe4 d3
41. Qe3 Qf6 42. Re6 Qxb2 43. Rxb6 Qxa2 44. Qxd3 Rxf2 45. Qd5+ Kh8 46. Qxh5+ Kg8
47. Qd5+ R8f7 48. Rb8+ Kh7 49. Qh5# 1-0

[Event "4ème Open des Basses Vallées Angevines"]
[Site "Cantenay-Epinard"]
[Date "2015.12.19"]
[Round "1.20"]
[White "Gascoin, Dominique"]
[Black "Darniere, Simon"]
[Result "0-1"]
[WhiteElo "1370"]
[BlackElo "1199"]
[PlyCount "122"]
[EventDate "2015.12.??"]
[EventRounds "5"]
[WhiteTeam "L'Echiquier Angevin"]
[BlackTeam "L'Echiquier Angevin"]

1. c4 e5 2. d3 Nf6 3. Nc3 Nc6 4. g3 Bc5 5. Bg2 O-O 6. Nf3 d6 7. O-O Nd4 8. Nxd4
Bxd4 9. Bd2 Bf5 10. Bxb7 Rb8 11. Bg2 Rxb2 12. a4 Qd7 13. Rb1 Rxb1 14. Qxb1 Bxc3
15. Bxc3 Qxa4 16. Qa1 Qc2 17. Qb2 Qxb2 18. Bxb2 Rc8 19. Ra1 Bg4 20. f3 Rb8 21.
Rxa7 g6 22. Ba1 Be6 23. h3 Kg7 24. Kh2 Rb1 25. f4 exf4 26. gxf4 h6 27. Bc6 g5
28. fxg5 hxg5 29. Bd4 Re1 30. Bf3 c5 31. Ba1 Kg6 32. Bc3 Rc1 33. Ra3 Rc2 34.
Ba5 g4 35. hxg4 Bxg4 36. Kg3 Bxf3 37. Kxf3 Kf5 38. Bc7 Ne8 39. Ba5 Nf6 40. Ra1
Ke5 41. Rh1 Nd7 42. Rh7 Ke6 43. Bd8 Ne5+ 44. Ke3 Ng4+ 45. Kf3 Ne5+ 46. Kf2
Nxd3+ 47. Ke3 Ne5 48. Rh8 Nxc4+ 49. Kd3 Na3 50. Rh6+ Kd7 51. Bg5 c4+ 52. Ke3
Rb2 53. Bf4 Rb6 54. Kd4 Rc6 55. Kd5 Nb5 56. Rh7 Rc5+ 57. Ke4 d5+ 58. Ke3 Ke6
59. Rh6+ f6 60. Bg5 d4+ 61. Kf4 Rxg5 0-1

[Event "4ème Open des Basses Vallées Angevines"]
[Site "Cantenay-Epinard"]
[Date "2015.12.19"]
[Round "1.21"]
[White "Bernardi, Pierre Yves"]
[Black "Leblond, Georges"]
[Result "0-1"]
[WhiteElo "1180"]
[BlackElo "1350"]
[PlyCount "70"]
[EventDate "2015.12.??"]
[EventRounds "5"]
[WhiteTeam "L'Echiquier Angevin"]
[BlackTeam "L'Echiquier Angevin"]

1. e4 c6 2. Nf3 d5 3. exd5 cxd5 4. d4 Bg4 5. c4 Nf6 6. cxd5 Nxd5 7. Bc4 e6 8.
Qe2 Nc6 9. Qe4 Bf5 10. Qe2 Be7 11. O-O O-O 12. a3 Nf6 13. Rd1 Nd5 14. h3 Bf6
15. Nc3 Re8 16. Be3 a6 17. a4 Ncb4 18. Ne5 Nxc3 19. bxc3 Nc2 20. Rab1 Nxe3 21.
Qxe3 Bxb1 22. Rxb1 Qc7 23. Bb3 b5 24. Qd3 Red8 25. Bc2 Bxe5 26. Qxh7+ Kf8 27.
dxe5 Qxe5 28. Rd1 Rxd1+ 29. Bxd1 Rd8 30. Bf3 bxa4 31. Qh8+ Ke7 32. Qh4+ g5 33.
Qxa4 Rb8 34. Kf1 Rb1+ 35. Bd1 Qb5+ 0-1

[Event "4ème Open des Basses Vallées Angevines"]
[Site "Cantenay-Epinard"]
[Date "2015.12.19"]
[Round "1.22"]
[White "Sureau, Corentin"]
[Black "Lebreton, Bertrand"]
[Result "1-0"]
[WhiteElo "1340"]
[BlackElo "1180"]
[PlyCount "39"]
[EventDate "2015.12.??"]
[EventRounds "5"]
[WhiteTeam "La Cavale du Fou"]
[BlackTeam "L'Echiquier Angevin"]

1. e4 c5 2. Nf3 Nc6 3. d4 b6 4. Bc4 e6 5. Nc3 Na5 6. Qd3 Bb7 7. O-O Rc8 8. d5
Nxc4 9. Qxc4 Bd6 10. Rd1 Qc7 11. Nb5 Qb8 12. dxe6 dxe6 13. Nxd6+ Kf8 14. Bf4
Ne7 15. g3 h6 16. Nxf7 Qxf4 17. gxf4 Kxf7 18. Ne5+ Ke8 19. Qxe6 Rc7 20. Qf7#
1-0

[Event "4ème Open des Basses Vallées Angevines"]
[Site "Cantenay-Epinard"]
[Date "2015.12.19"]
[Round "1.23"]
[White "Giua, Louka"]
[Black "Kollar, Guillaume"]
[Result "0-1"]
[WhiteElo "1169"]
[BlackElo "1333"]
[PlyCount "72"]
[EventDate "2015.12.??"]
[EventRounds "5"]
[WhiteTeam "Club d'Echecs d'Avoine"]
[BlackTeam "Club d'Echecs de la Bruffière"]

1. e4 c5 2. Nc3 d6 3. g3 Nf6 4. Bg2 g6 5. d3 Bg7 6. f4 O-O 7. Nf3 Nc6 8. Be3
Be6 9. O-O Ng4 10. Qd2 Nxe3 11. Qxe3 Nd4 12. Ne2 Nxc2 13. Qd2 Nxa1 14. Rxa1 Qb6
15. Ng5 Bg4 16. Nf3 Bxb2 17. Rb1 Bd4+ 18. Kf1 Qxb1+ 19. Ne1 Bxe2+ 20. Qxe2 e6
21. Bh3 b5 22. f5 exf5 23. exf5 Rfe8 24. Qd2 Re3 25. Bg2 Rae8 26. Be4 d5 27.
fxg6 hxg6 28. a4 dxe4 29. axb5 exd3 30. b6 axb6 31. h4 Rxe1+ 32. Kg2 R1e2+ 33.
Kf3 Rxd2 34. Kf4 Rf2+ 35. Kg5 Re5+ 36. Kh6 Be3# 0-1

[Event "4ème Open des Basses Vallées Angevines"]
[Site "Cantenay-Epinard"]
[Date "2015.12.19"]
[Round "1.24"]
[White "Bouleau, Henry"]
[Black "Voisine, Mathieu"]
[Result "0-1"]
[WhiteElo "1330"]
[BlackElo "1148"]
[PlyCount "48"]
[EventDate "2015.12.??"]
[EventRounds "5"]
[WhiteTeam "Le Club d'Echecs des Basses Vallées Angevines"]
[BlackTeam "La Cavale du Fou"]

1. d4 d5 2. c4 c6 3. Nc3 Nf6 4. e3 Bf5 5. Nf3 e6 6. cxd5 cxd5 7. Bd3 Bxd3 8.
Qxd3 Bb4 9. O-O O-O 10. Bd2 Nc6 11. a3 Ba5 12. Rfe1 Rc8 13. Rac1 Re8 14. Re2 e5
15. dxe5 Nxe5 16. Nxe5 Rxe5 17. b4 Bb6 18. h3 d4 19. exd4 Bxd4 20. Rxe5 Bxf2+
21. Kxf2 Qxd3 22. Be1 Qd4+ 23. Kf3 Qxe5 24. Ne2 Rxc1 0-1

[Event "4ème Open des Basses Vallées Angevines"]
[Site "Cantenay-Epinard"]
[Date "2015.12.19"]
[Round "1.25"]
[White "Planchenault, Paul-Etienne"]
[Black "Pionnier, Axel"]
[Result "0-1"]
[WhiteElo "1120"]
[BlackElo "1329"]
[PlyCount "52"]
[EventDate "2015.12.??"]
[EventRounds "5"]
[WhiteTeam "La Cavale du Fou"]
[BlackTeam "Club d'Echecs d'Avoine"]

1. e4 e5 2. Nf3 Nc6 3. Nc3 Nf6 4. Bc4 Bb4 5. Bd3 d6 6. a3 Ba5 7. O-O Bg4 8. h3
Bh5 9. Nd5 Nxd5 10. exd5 Nd4 11. Be4 Qf6 12. g4 Nxf3+ 13. Bxf3 Bg6 14. d3 O-O
15. Be3 Rfe8 16. g5 Qe7 17. h4 f6 18. gxf6 Qxf6 19. Bg5 Qf8 20. d4 exd4 21.
Qxd4 Qxf3 22. b4 Bb6 23. Qd2 Bf7 24. c4 a6 25. a4 Bg6 26. c5 Be4 0-1